| 000 | 00741nam a2200265Ia 4500 | ||
|---|---|---|---|
| 003 | OSt | ||
| 005 | 20221007110902.0 | ||
| 006 | a|||||r|||| 00| 0 | ||
| 007 | ta | ||
| 008 | 221006b |||||||| |||| 00| 0 eng d | ||
| 024 | _a22,062 | ||
| 037 | _cTextual | ||
| 040 |
_aLCO _cLCO _beng |
||
| 041 |
_2eng _aeng |
||
| 082 | _aX72991:(Z2), L3 | ||
| 100 | _aChopra Om Prakash | ||
| 245 | 0 | _aLaw and Practice Relating to Estate Duty in India | |
| 250 | _a3rd | ||
| 260 |
_aAllahabad _bCentral Law Agnecy India _c1973 |
||
| 300 | _a862+236 | ||
| 650 |
_aESTATE DUTY _9243145 |
||
| 700 |
_a Chopra Shanti _9707943 |
||
| 942 |
_hX72991:(Z2), L3 _cTEXL |
||
| 999 |
_c1191625 _d1191625 |
||